[Event "AUTO-INT-61"]
[Site "http://www.queenalice.com/game.php?id=42185"]
[Date "2005.12.7"]
[Round "1"]
[White "JonathanY"]
[Black "mav40121"]
[Result "1-0"]
[WhiteElo "1437"]
[BlackElo "1574"]

1. e4 e5 2. Nf3 d6 3. d4 exd4 4. Nxd4 Nf6 5. Nc3 c6 6. Bg5 Be7 7. Nf5 Bxf5 8.
exf5 d5 9. Qe2 O-O 10. O-O-O Re8 11. Qd3 Nbd7 12. Qd4 Bc5 13. Qd2 Qb6 14. Na4
Qb5 15. Bxb5 cxb5 16. Nxc5 1-0

[Event "AUTO-INT-61"]
[Site "http://www.queenalice.com/game.php?id=42186"]
[Date "2005.12.7"]
[Round "1"]
[White "mav40121"]
[Black "JonathanY"]
[Result "1-0"]
[WhiteElo "1695"]
[BlackElo "1599"]

1. e4 e5 2. Nf3 Nc6 3. Bc4 d6 4. d3 Nf6 5. Ng5 d5 6. exd5 Nxd5 7. Qf3 f6 8. Bxd5
Nd4 9. Qd1 Qxd5 10. Nf3 e4 11. Nxd4 Qxd4 12. Qe2 Be7 13. Qxe4 c5 14. Qxd4 cxd4
15. O-O Bd7 16. Bf4 O-O 17. Nd2 Bb4 18. Nb3 g5 19. Bg3 h5 20. f3 Rac8 21. Nxd4
Bc5 22. c3 h4 23. Bf2 Kh7 24. g4 hxg3 25. hxg3 f5 26. Kg2 Rf6 27. Rh1+ Kg7 28.
Rh5 f4 29. g4 Rh8 30. Rxg5+ Rg6 31. Rxc5 Bxg4 32. fxg4 Rxg4+ 33. Kf3 Rg6 34.
Ne6+ Rxe6 35. Bd4+ 1-0

[Event "AUTO-INT-61"]
[Site "http://www.queenalice.com/game.php?id=42187"]
[Date "2005.12.7"]
[Round "1"]
[White "JonathanY"]
[Black "fabiodulicia"]
[Result "1-0"]
[WhiteElo "1599"]
[BlackElo "1036"]

1. e4 e5 2. Nf3 b5 3. Bxb5 Nf6 4. Nxe5 c6 5. Bc4 d5 6. Bb3 Nxe4 7. Ba4 Ke7 8.
Bxc6 Nxc6 9. Nxc6+ Kd7 10. Ne5+ Ke7 11. Nc6+ Kd7 12. Nxd8 Kxd8 13. O-O Ba6 14.
d3 Nf6 15. Bg5 Rb8 16. b3 Rb4 17. Qf3 1-0

[Event "AUTO-INT-61"]
[Site "http://www.queenalice.com/game.php?id=42188"]
[Date "2005.12.7"]
[Round "1"]
[White "fabiodulicia"]
[Black "JonathanY"]
[Result "0-1"]
[WhiteElo "1036"]
[BlackElo "1599"]

1. d4 d5 2. e3 Nc6 3. Nc3 Nf6 4. Nge2 Bf5 5. Ng3 Bg6 6. f4 e6 7. Nb5 Nb4 8. Kd2
Nxc2 9. b3 Nxa1 10. Bd3 Bb4+ 11. Ke2 Nh5 12. Ba3 Qh4 13. Bxb4 Bxd3+ 14. Kxd3
O-O-O 15. Nxa7+ Kb8 16. Nxh5 Kxa7 0-1

[Event "Let's Play Chess!"]
[Site "http://www.queenalice.com/game.php?id=49388"]
[Date "2006.1.25"]
[Round "-"]
[White "JonathanY"]
[Black "Edgar"]
[Result "1-0"]
[WhiteElo "1549"]
[BlackElo "1687"]

1. e4 e5 2. Nf3 Nc6 3. d4 Nxd4 4. Nxe5 Nc6 5. Nxf7 Kxf7 6. Bc4+ Ke8 7. b3 Nf6 8.
Bb2 Na5 9. e5 Qe7 10. O-O Ne4 11. Qd5 Nc5 12. Na3 Nxc4 13. Nxc4 c6 14. Nd6+ Kd8
15. Qf7 Kc7 16. Ne8+ Kb8 17. e6 Qxe6 18. Qf4+ Bd6 19. Nxd6 b6 20. Nf7+ Kb7 21.
Nxh8 Qe2 22. Rac1 Ne6 23. Qf7 h5 24. Rfe1 Qg4 25. h3 Qf4 26. Qxh5 d5 27. Nf7 Ka6
28. Be5 Qd2 29. Nd6 Bd7 30. Qf7 Rd8 31. Bf6 Rf8 32. Qxd7 Rxf6 33. Qxc6 Qxf2+ 34.
Kh1 Nf4 35. Qb5# 1-0

[Event "Let's Play Chess!"]
[Site "http://www.queenalice.com/game.php?id=49389"]
[Date "2006.1.25"]
[Round "-"]
[White "JonathanY"]
[Black "BVA"]
[Result "0-1"]
[WhiteElo "1594"]
[BlackElo "1445"]

1. d4 d5 2. Nf3 Nc6 3. Nc3 Nf6 4. e3 e5 5. Nxe5 Bb4 6. Bd2 O-O 7. Be2 a5 8. O-O
Re8 9. Bb5 Re6 10. e4 dxe4 11. d5 Rd6 12. Nxc6 bxc6 13. Bxc6 Ra6 14. Nxe4 Nxe4
15. Re1 Bxd2 16. Rxe4 Bh6 17. Re8+ Qxe8 18. Bxe8 Bd7 19. Bxd7 Rxd7 20. c4 Bg5
21. Qa4 Re7 22. b4 Bd2 23. b5 Ra7 24. g3 Ra8 25. c5 h6 26. d6 cxd6 27. c6 Rb8
28. Rd1 Bb4 29. Rxd6 Bxd6 30. Qxa5 Bc7 31. Qa7 Rxb5 32. a4 Rb1+ 33. Kg2 Rbe1 34.
a5 Ra1 35. Qa6 Rxa5 36. h4 Rxa6 0-1

[Event "Let's Play Chess!"]
[Site "http://www.queenalice.com/game.php?id=49390"]
[Date "2006.1.25"]
[Round "-"]
[White "JonathanY"]
[Black "Reddaz"]
[Result "0-1"]
[WhiteElo "1564"]
[BlackElo "1799"]

1. e4 c5 2. Nc3 Nc6 3. d3 Nf6 4. Nf3 d5 5. e5 Ng4 6. Qe2 d4 7. Qe4 dxc3 8. Be2
f5 9. Qc4 e6 10. Ng5 cxb2 11. Bxb2 Qxg5 12. O-O Ncxe5 13. Bxe5 Nxe5 14. Qb5+ Nc6
15. Bf3 Bd7 16. Qxb7 Rc8 17. Bxc6 Rxc6 18. Qxa7 Bd6 19. Rab1 Qh5 20. Rb6 Qxh2#
0-1

[Event "Let's Play Chess!"]
[Site "http://www.queenalice.com/game.php?id=56383"]
[Date "2006.3.9"]
[Round "-"]
[White "JonathanY"]
[Black "zecafernandes"]
[Result "1-0"]
[WhiteElo "1570"]
[BlackElo "1372"]

1. e4 e5 2. Nf3 Qe7 3. d3 h6 4. Nc3 g5 5. Be3 Nc6 6. d4 Bg7 7. Bc4 Qb4 8. Bb3 b6
9. O-O Ba6 10. Nd5 Qa5 11. Nxc7+ Kd8 12. Nxa8 Bxf1 13. Qxf1 Nge7 14. Bxf7 Rf8
15. Nxe5 Bxe5 16. dxe5 Rxf7 17. Qc4 Nxe5 18. Qc7+ Ke8 19. Qb8+ Nc8 20. Qxc8+ Ke7
21. Nc7 Rf8 22. Qb7 Nc6 23. Nd5+ Kf7 24. Qxd7+ Ne7 25. Qxe7+ Kg8 26. Bd4 Qd2 27.
Qg7# 1-0

[Event "Let's Play Chess!"]
[Site "http://www.queenalice.com/game.php?id=56384"]
[Date "2006.3.9"]
[Round "-"]
[White "MarcosT"]
[Black "JonathanY"]
[Result "1-0"]
[WhiteElo "1475"]
[BlackElo "1602"]

1. e4 e5 2. Nf3 Nc6 3. Bc4 f6 4. Nc3 Bc5 5. a3 d6 6. b4 Bd4 7. Nxd4 exd4 8. Nd5
Be6 9. Nxc7+ Qxc7 10. Bxe6 Qe7 11. Bd5 f5 12. O-O fxe4 13. Bxe4 O-O-O 14. Re1
Qf6 15. Bb2 Nh6 16. Bxc6 bxc6 17. Qe2 Qf5 18. Bxd4 Rd7 19. Qa6+ Rb7 20. Qxc6+
Kb8 21. Re8+ Rxe8 22. Qxd6+ Rc7 23. Bxa7+ Ka8 24. Qxc7 Ng4 25. Bb6 Qxf2+ 26.
Bxf2 1-0

[Event "Let's Play Chess!"]
[Site "http://www.queenalice.com/game.php?id=56385"]
[Date "2006.3.9"]
[Round "-"]
[White "MECFIELD"]
[Black "JonathanY"]
[Result "0-1"]
[WhiteElo "1522"]
[BlackElo "1536"]

1. e4 e5 2. Qf3 Nf6 3. Bc4 Nc6 4. c3 Bc5 5. Nh3 d6 6. Ng5 O-O 7. d3 Be6 8. O-O
Ng4 9. Nxe6 Qh4 10. h3 Bxf2+ 11. Rxf2 Nxf2 12. Qxf2 Qh5 13. Ng5 Ne7 14. Be3 d5
15. exd5 Ng6 16. Nd2 h6 17. Nge4 Rad8 18. Rf1 c6 19. d6 b5 20. Bxf7+ Kh7 21. d4
exd4 22. Bxd4 Rd7 23. Bf6 Rfxf7 24. g4 Qxh3 25. g5 Qg4+ 26. Kh1 hxg5 27. Nxg5+
Qxg5 28. Qh2+ Qh6 29. Bg5 Rxf1+ 30. Nxf1 Qxh2+ 31. Nxh2 Rxd6 32. Nf3 a5 33. Be3
Kg8 34. Nd2 Rd3 35. Bg5 Ne5 36. Nb3 Nc4 37. Nd4 Nxb2 38. Ne2 b4 39. Kg1 bxc3 40.
Be7 c2 41. Ba3 Rxa3 42. Nc1 Nd3 43. Nb3 Rxa2 44. Kf1 a4 45. Nd2 c1=Q+ 46. Ke2
Rxd2+ 47. Ke3 Qe1+ 48. Kd4 Ne5+ 49. Kc5 Qc1+ 50. Kb6 Rb2+ 51. Kc7 Qd1 52. Kc8
Qd7# 0-1

[Event "Let's Play Chess!"]
[Site "http://www.queenalice.com/game.php?id=56386"]
[Date "2006.3.9"]
[Round "-"]
[White "FISICO"]
[Black "JonathanY"]
[Result "0-1"]
[WhiteElo "1478"]
[BlackElo "1583"]

1. e4 e5 2. d3 Nc6 3. Nc3 Bb4 4. Bd2 Qe7 5. Nd5 Qc5 6. c3 Ba5 7. b4 Bxb4 8. cxb4
Qd6 9. a3 Nf6 10. Nxf6+ Qxf6 11. Be3 O-O 12. Ne2 d6 13. Nc3 Be6 14. Nb5 Nd4 15.
Nxc7 Bb3 16. Qb1 Nc2+ 17. Ke2 Rac8 18. Qxb3 Nxa1 19. Qc3 Qg6 20. g3 Nb3 21. Qxb3
Rxc7 22. Bxa7 Qh5+ 23. Ke3 d5 24. Qxd5 Rc1 25. Bc5 Re1+ 26. Kd2 Qd1+ 27. Kc3
Qa1+ 28. Kb3 Rb1+ 29. Ka4 Ra8+ 30. Kb5 Qxa3 31. Qxb7 g6 32. Qc7 Qa6# 0-1

[Event "Let's Play Chess!"]
[Site "http://www.queenalice.com/game.php?id=66057"]
[Date "2006.4.29"]
[Round "-"]
[White "dim_weasel"]
[Black "JonathanY"]
[Result "1-0"]
[WhiteElo "1731"]
[BlackElo "1577"]

1. Nf3 Nc6 2. c4 e5 3. Nc3 Bc5 4. e3 Nf6 5. a3 O-O 6. b4 Bd6 7. Qc2 Qe8 8. Bd3
b6 9. Ne4 Qe6 10. Nxf6+ Qxf6 11. Bxh7+ Kh8 12. Be4 a6 13. Bb2 Qe6 14. b5 Qg4 15.
bxc6 f5 16. Bd5 Qxg2 17. Nxe5 Qh3 18. Ng6+ Kh7 19. Nxf8+ Bxf8 20. cxd7 Bxd7 21.
Bxa8 g6 22. O-O-O Qh4 23. Qc3 Ba4 24. Qh8# 1-0

[Event "Challenge"]
[Site "http://www.queenalice.com/game.php?id=66069"]
[Date "2006.4.29"]
[Round "-"]
[White "JonathanY"]
[Black "valerie973"]
[Result "0-1"]
[WhiteElo "1571"]
[BlackElo "1344"]

1. e4 e6 2. Nf3 d5 3. e5 Nc6 4. d4 Be7 5. Bd3 f6 6. c3 fxe5 7. Qa4 e4 8. Bb5 Nf6
9. Bxc6+ bxc6 10. Ne5 O-O 11. Nxc6 Qd7 12. c4 Ng4 13. Nxe7+ Qxe7 14. O-O Bd7 15.
Qa5 c6 16. Qc7 e5 17. Bg5 Qxg5 18. Qxd7 Nxf2 19. cxd5 Nh3+ 20. Qxh3 Rxf1+ 21.
Kxf1 e3 22. Nc3 exd4 23. dxc6 dxc3 24. Qe6+ Kh8 25. bxc3 Qf4+ 26. Kg1 Qf2+ 27.
Kh1 e2 28. c7 Qf1+ 0-1

[Event "Challenge"]
[Site "http://www.queenalice.com/game.php?id=66070"]
[Date "2006.4.29"]
[Round "-"]
[White "JonathanY"]
[Black "rom"]
[Result "0-1"]
[WhiteElo "1565"]
[BlackElo "1298"]

1. e4 d5 2. Nc3 Nf6 3. e5 Ne4 4. d3 Nxc3 5. bxc3 Nc6 6. d4 Bf5 7. Bd3 Be4 8. Nf3
f5 9. O-O e6 10. Ng5 Qe7 11. Rb1 b6 12. Bb5 Qd7 13. Qh5+ g6 14. Qh4 a6 15. Nxe4
axb5 16. Nf6+ Ke7 17. Nxd7+ Kxd7 18. Rxb5 Rxa2 19. Qf6 Rg8 20. Qf7+ Ne7 21. Bg5
Ra8 22. c4 Rg7 23. Qf6 Ng8 24. Rxd5+ exd5 25. e6+ Kd6 26. e7+ Nxf6 27. Bxf6 Rxe7
28. Bxe7+ Bxe7 29. g3 dxc4 30. Re1 b5 31. c3 b4 32. d5 b3 33. f4 b2 34. g4 fxg4
0-1

[Event "Let's Play Chess!"]
[Site "http://www.queenalice.com/game.php?id=66071"]
[Date "2006.4.29"]
[Round "-"]
[White "JonathanY"]
[Black "ycalen"]
[Result "1-0"]
[WhiteElo "1556"]
[BlackElo "1563"]

1. e4 Nc6 2. Nc3 e5 3. Bc4 Qg5 4. Qf3 Nf6 5. Nd5 Bd6 6. d3 Qg4 7. Nxf6+ gxf6 8.
Qxg4 Nd4 9. Qg7 Rf8 10. Bb3 f5 11. Qxh7 f4 12. Nf3 Ne2 13. Ng5 Bb4+ 14. c3 d5
15. Bxd5 Ke7 16. Bxf7 Nxc3 17. Bd2 f3 18. Bh5+ Kd6 19. Bxc3 Bxc3+ 20. bxc3 fxg2
21. Rg1 Bh3 22. Nxh3 Rh8 23. Qg6+ Kc5 24. Qf7 Kb6 25. Rxg2 Raf8 26. Qe6+ c6 27.
Rb1+ Ka6 28. Qc4+ b5 29. Qxc6+ 1-0

[Event "AUTO-INT-61"]
[Site "http://www.queenalice.com/game.php?id=68406"]
[Date "2006.5.11"]
[Round "2"]
[White "araujoime"]
[Black "JonathanY"]
[Result "1-0"]
[WhiteElo "1579"]
[BlackElo "1545"]

1. e4 e5 2. Qf3 Nc6 3. Bc4 Nh6 4. d3 f6 5. Bxh6 Nd4 6. Qh5+ g6 7. Qh4 Nxc2+ 8.
Kd1 Nxa1 9. Nf3 d6 10. Bxf8 g5 11. Qh5+ Kxf8 12. Qf7# 1-0

[Event "AUTO-INT-61"]
[Site "http://www.queenalice.com/game.php?id=68407"]
[Date "2006.5.11"]
[Round "2"]
[White "JonathanY"]
[Black "araujoime"]
[Result "1-0"]
[WhiteElo "1515"]
[BlackElo "1526"]

1. e4 e6 2. Nc3 h6 3. f4 g5 4. d3 gxf4 5. Bxf4 Nf6 6. Qf3 Rg8 7. e5 Nd5 8. Nxd5
exd5 9. Qxd5 c6 10. Qb3 b5 11. Nf3 a5 12. Nd4 a4 13. Qc3 Na6 14. Be2 b4 15. Qc4
Bb7 16. Bh5 d5 17. Nxc6 dxc4 18. e6 Bxc6 19. exf7+ Kd7 20. Bg4+ Ke7 21. fxg8=Q
Ke8 22. O-O-O Bd5 23. Bh5+ Kd7 24. Qxd5+ Kc8 25. Bg4+ Qd7 26. Qxd7# 1-0

[Event "Challenge"]
[Site "http://www.queenalice.com/game.php?id=69552"]
[Date "2006.5.16"]
[Round "-"]
[White "JonathanY"]
[Black "MECFIELD"]
[Result "0-1"]
[WhiteElo "1535"]
[BlackElo "1501"]

1. e4 e5 2. Nc3 c6 3. Bc4 Nf6 4. Nf3 Bc5 5. Nxe5 O-O 6. Nxf7 Qe7 7. Ng5+ d5 8.
Bd3 Ng4 9. f3 Nf2 10. Qe2 Nxh1 11. exd5 Qxg5 12. dxc6 Nxc6 13. Bc4+ Kh8 14. Qf1
Qh4+ 15. g3 Qxh2 16. Ne4 Bh3 17. Qxh3 Qxh3 18. d3 Rxf3 19. d4 Bxd4 0-1

[Event "Challenge"]
[Site "http://www.queenalice.com/game.php?id=70673"]
[Date "2006.5.22"]
[Round "-"]
[White "JonathanY"]
[Black "ycalen"]
[Result "0-1"]
[WhiteElo "1530"]
[BlackElo "1567"]

1. e4 e5 2. Nc3 c6 3. Nf3 d6 4. Bc4 Bg4 5. O-O Qf6 6. d3 Qg6 7. h3 Bxh3 8. Bxf7+
Qxf7 9. gxh3 h6 10. d4 Nd7 11. dxe5 Qg6+ 12. Kh1 Qh5 13. Kh2 Nxe5 14. Nxe5 Qxe5+
15. f4 Qc5 16. e5 O-O-O 17. Qg4+ Kb8 18. exd6 Nf6 19. Qe6 Bxd6 20. Be3 Qh5 21.
Rg1 Rhe8 22. Qxe8 Nxe8 23. Rad1 g5 24. Nd5 cxd5 25. Rxd5 Qe2+ 26. Kg3 Qxe3+ 27.
Kg4 Qxg1+ 0-1